Leyendas de la alhambra /
Guardado en:
| Autor Principal: | |
|---|---|
| Formato: | Libro |
| Publicado: |
Madrid :
Club Internacional del libro,
1999
|
| Materias: | |
| Etiquetas: |
Agregar Etiqueta
Sin Etiquetas, Sea el primero en etiquetar este registro!
|
| LEADER | 00548nam a22001935a 4500 | ||
|---|---|---|---|
| 001 | CEM.cems016903 | ||
| 005 | 20121121164515.0 | ||
| 008 | 130507s1999##################000#0#####d | ||
| 003 | CEMS | ||
| 020 | |a 8482652087 | ||
| 082 | 0 | 4 | |a 813 |
| 100 | 1 | |a Irving, Washington | |
| 245 | 1 | 0 | |a Leyendas de la alhambra / |c Washington Irving, |
| 260 | |a Madrid : |b Club Internacional del libro, |c 1999 | ||
| 300 | |a 190 p. | ||
| 653 | |a Literatura eeuu | ||
| 653 | |a Literatura | ||
| 653 | |a Leyenda | ||
| 859 | |a CEMS |b BIB. CEMS - Agricultura |h 813 |i Ir84 |p A0167.00 |t Ej.1 |v 1 |3 Vol. 1 | ||
